000 00313nam a22001457a 4500
008 210305b ||||| |||| 00| 0 eng d
020 _a0471270350
041 _aeng
080 _a62
082 _a62
100 _a26
101 _aMEK
245 _aIntroducion to fluid mechanics
_cFox, R.W
942 _2udc
_cBK
999 _c55860
_d55860